01393nam a22001937a 450000500170000000800410001702000180005804000070007604100080008308200180009110000170010924500150012626000370014130000220017836500590020052009020025965000200116165000180118120251107140949.0251107b |||||||| |||| 00| 0 eng d a9781398525689 cAL aeng a823.904bGRAI aHannah Grace aIcebreaker aLondonbSimon and Schusterc2022 a432pbPBc20x13cm 2Englisha4241b₹399.20c₹d499.00e20%f25-10-2025 aA TikTok sensation! Sparks fly when a competitive figure skater and hockey team captain are forced to share a rink. Anastasia Allen has worked her entire life for a shot at Team USA. It looks like everything is going according to plan when she gets a full scholarship to the University of California, Maple Hills and lands a place on their competitive figure skating team. Nothing will stand in her way, not even the captain of the hockey team, Nate Hawkins. Nate’s focus as team captain is on keeping his team on the ice. Which is tricky when a facilities mishap means they are forced to share a rink with the figure skating team―including Anastasia, who clearly can’t stand him. But when Anastasia’s skating partner faces an uncertain future, she may have to look to Nate to take her shot. Sparks fly, but Anastasia isn’t worried… because she could never like a hockey player, right? aEnglish Fiction aEnglish Novel